Quizzes
Events
Quiz Creation
Community
Videos
Private Events
Remove Ads
Sign In
Join for FREE
Feedback
Dark Mode
Quiz Categories
Sports
Geography
Music
Movies
Television
Just For Fun
Miscellaneous
History
Literature
Language
Science
Gaming
Entertainment
Religion
Holiday
For Kids
Quiz Lab
Recent
Popular Today
Quiz Kudos Today
Editor Picks
Curator Picks
Quizzes by...
Day
Popularity
Type
Ratings
Length
Year
Community
Subscriptions
Recent Discussions
Orange Saloon
Badges
Playlists
Quests
Create
Leaderboards
Showdown
Live 5
Trivia Bingo
Activity
Puzzle Library
Sporcle Events
Private Events
Virtual Trivia
Globe League
Become a Host
Pub Owners
SporcleCon
Opinionation
Our Games
Videos
Blog
Mobile Apps
Partnerships
Remove Ads and Go Orange
Feedback
Music
Pop Music
The Beatles
Song
Album
Lyrics
Bands
Singers
Artist
Clip
Rock
Rap
Classical
Billboard
Country Music
Kpop
Taylor Swift
Music
Pop Music
The Beatles
Song
Album
Lyrics
Bands
Singers
Artist
Clip
Rock
Rap
Classical
Billboard
Country Music
Kpop
Taylor Swift
Random Quiz
Search Sporcle
×
Quiz Lab
Quiz Lab
Music
Lyrics
Type in answers that appear in a list
Type in answers that appear in a list
Classic
Best Score? Go Orange.
Names in Songs Stats
Can you name the missing person's name in these songs?
By
emd989
6m
36 Questions
116 Plays
116 Plays
116 Plays
Comments
Comments
Give Quiz Kudos
Give Quiz Kudos
-
- Ratings
hide this ad
Random Order
Randomize order of answers
Randomize order of answers
Replay
Link that replays current quiz
Next Quiz
Link to next quiz in quiz playlist
You Got
0%
They Got
Avg Score
46%
Avg Friend Score
Upgrade to see
Score Distribution
Jump to the score distribution portion of the page
Score
0/36
Timer
06:00
0
Plays Today
Song Title
Name
% Correct
Hit The Road _
_
_
_
Jack
96.5%
Proud _
_
_
_
Mary
94.2%
_
_
_
_
_
in the Sky With Diamonds
Lucy
94%
Sweet _
_
_
_
_
_
_
_
Caroline
91.9%
The _
_
_
_
_
Jack
89.7%
Breakfast at _
_
_
_
_
_
_
's
Tiffany
88.4%
Dear _
_
_
_
_
John
81%
_
_
_
_
_
and the Jets
Benny
79.1%
The Ballad Of _
_
_
_
_
The Kid
Billy
78.6%
_
_
_
_
_
_
's Girl
Jessie
78.4%
Help Me _
_
_
_
_
Rhonda
75%
Hey There _
_
_
_
_
Delilah
65.5%
867-
5309/
_
_
_
_
_
Jenny
64.7%
_
_
_
_
_
's Silver Hammer
Maxwell
62.1%
_
_
_
_
_
& _
_
_
_
_
Jack & Diane
60.3%
Me And _
_
_
_
_
Down By The Schoolyard
Julio
57.6%
_
_
_
_
_
's Got A Gun
Janie
55.2%
The Ballad of _
_
_
_
_
and _
_
_
_
_
John and Yoko
50%
Song Title
Name
% Correct
If U Seek _
_
_
_
_
Amy
47.4%
_
_
_
_
_
_
_
_
_
Alejandro
46.5%
_
_
_
_
_
_
_
_
's Last Dance
Mary Jane
42.9%
_
_
_
_
_
_
. _
_
_
_
_
Johnny B. Goode
41.4%
_
_
_
_
_
's Garage
Joe
34.5%
Movin' Out (_
_
_
_
_
's Song)
Anthony
31.9%
_
_
_
_
_
is a Punk Rocker
Sheena
31%
St. _
_
_
_
_
Jimmy
30.2%
The Downeaster _
_
_
_
_
Alexa
29.4%
_
_
_
_
_
Judas
29.3%
Check Yes _
_
_
_
_
Juliet
27.6%
For _
_
_
_
Emma
27.4%
_
_
_
_
_
's Chambers
Molly
25.9%
_
_
_
_
's Song
Adam
24.4%
_
_
_
_
_
Can't Fail
Rudie
24.1%
_
_
_
_
_
Jones
Casey
21.4%
_
_
_
_
_
_
Doesn't Know
Scotty
20%
_
_
_
_
_
_
_
_
_
_
_
Donald Trump
13.1%
Quiz Playlist
Details
Report
Send in Message
Add To Playlist
Classic:
Type in answers that appear in a list
Random Order:
Randomize order of answers
Last Updated: Feb 16, 2017
Quiz Scoreboard
CHALLENGE
Sign Up to Join the Scoreboard
Show All
Scores
Hide
Comments
May contain spoilers
Recently Published
Movies - When Are They Set?
by FPL_Elf
Movies
5m
Popular People in 1961
by mucciniale
History
6m
1-10 Letter E Words III
by El_Dandy
Language
2m
More to Explore
Quiz From the Vault
Featured Blog Post
Where Did the Easter Bunny Come From?
hide this ad
You Might Also Like...
Tags
Baby Names Quiz
Lyrics Quiz
Song Quiz
blank
fill-in-the-blank
First Names
name
Song List
Today's Top Quizzes in Music
Browse Music
hide this ad
Today's Top Quizzes in Lyrics
Browse Lyrics
Top Contributed Quizzes in Music
1
Taylor Swift All Songs (2024)
2
2010s Album by Cover III
3
One Thing in Common: Music
4
Guess the Artist- 70s Songs
5
Taylor Swift Logic Puzzle
6
Guess the Taylor Swift song (Mystery Song)
7
2010s Album by Cover IV
8
2010s Album by Cover V
9
KPOP LOGIC QUIZ
10
2010s Album by Cover VI
Explore More
Trending Topics
Disney
Marvel
Crossword
Harry Potter
Kpop
NBA
Anime
Song
NFL
Puzzle
Country
Pokémon
The Office
Soccer
WWE
hide this ad
More By:
emd989
Quiz
Plays
Rating
Category
Featured
Created
Can you name all of the NCAA D-1 basketball nicknames?
4,987
2.75
Sports
Feb 11, 2012
Disney Movie by Random Song Lyric
2,363
4.20
Movies
Jun 21, 2011
Can you name the lyrics to Circle of Life
2,256
3.17
Movies
Feb 16, 2012
Can you name the Lyrics to this Dirty Dancing Song (v1)
1,570
5.00
Movies
Feb 18, 2012
Finish The Princess Diaries Quotes
1,523
4.50
Movies
Feb 2, 2012
Go to Creator's Profile
Score Distribution
Quiz Creator Spotlight
emd989
Follow
Send a Message
Quizzes Created
-
Created Quiz Play Count
-
More By This Creator
Popular Quizzes Today
1
Find the Countries of Europe - No Outlines Minefield
2
Find the US States - No Outlines Minefield
3
The Countries of the World
4
Popular People in 1961
5
US States
6
1-10 Letter E Words III
7
Find the US States
8
One Thing in Common: World Cities II
More Music Quizzes
Weird Al Yankovic Songs
Published
Trending Quizzes
Risky Map Clicking: Least Populous States A-Z
1-10 Letter F Words
1-10 Letter G Words
One Thing in Common: United Kingdom
Risky Map Clicking: Next State Alphabetically
Recently Updated
Leaping Animals
pecheneg
Reality TV Shows (A-Z)
bhenderson79
Rickey Henderson's Hall of Fame Teammates
pecheneg
Champions League XIs: Arsenal
pecheneg
Quick Pick: Celebrities in WWE's Hall of Fame
aduchscher
A-Z Keypad Blitz II
pecheneg
Multiple Oscar Actors
pecheneg
Mystery Phrase Blitz: Oscar 'Best Actors'
pecheneg
F. Scott Fitzgerald Novels
LTH
Pick 3 Villains
ddd62291
Trending Topics
Kpop
NBA
Anime
Marvel
Harry Potter
Crossword
Disney
Pokémon
Song
Soccer
WWE
The Office
NFL
Puzzle
Country
Your Account Isn't Verified!
In order to create a playlist on Sporcle, you need to verify the email address you used during registration. Go to your
Sporcle Settings
to finish the process.
Report this User
Report this user for behavior that violates our
Community Guidelines
.
Details:
Send Report
Go to the Sporcle.com Mobile Site →
Comments